مكتبة جامعة عجلون الوطنية

فهرس بحث المكتبة

Normal view MARC view
  • الحلال والحرام- الحظر والاباحة- الاسلام والترفيه

Entry Topical Term

Number of records used in: 1

001 - CONTROL NUMBER

  • control field: 9547

003 - CONTROL NUMBER IDENTIFIER

  • control field: JO-AjAnu

005 - DATE AND TIME OF LATEST TRANSACTION

  • control field: 20230606071833.0

008 - FIXED-LENGTH DATA ELEMENTS

  • fixed length control field: 230606|| aca||aabn | a|a d

040 ## - CATALOGING SOURCE

  • Original cataloging agency: JO-AjAnu
  • Transcribing agency: JO-AjAnu

150 ## - HEADING--TOPICAL TERM

  • Topical term or geographic name entry element: الحلال والحرام- الحظر والاباحة- الاسلام والترفيه

670 ## - SOURCE DATA FOUND

  • Source citation: Work cat.: (JO-AjAnu)4924: الآجري،أبي بكر بن الحسين بن عبد الله ، دراسة وتحقيق: مصطفى عبد القادر عطا, author 9546, تحريم النرد والشطرنج والملاهي